000 00826nam a2200217Ii 4500
003 JO-AjNU
008 230605s9999||||xx |||||||||||||| ||und||
017 _a2001/7/1370
040 _aJO-AjNU
_bara
_erda
_cJO-AjNU
041 _aara
050 1 4 _aBP172.A2882 2002
100 3 _aأبو رمان، سالم رضوان,
_eauthor
_941042
245 0 0 _aالأبعاد السياسية للحوار بين الأديان : الحوار الإسلامي - المسيحي نموذجا
250 _aط1
264 3 1 _aعمان: دار البيارق للطباعة والنشر والتوزيع، 2002
300 _a222ص
336 _atext
_btxt
_2rdacontent
337 _aunmediated
_bn
_2rdamedia
338 _avolume
_bnc
_2rdacarrier
650 4 _aالاسلام والمسيحية- الديانات المقارنة
_941043
999 _aA17466
_c21034
_d21034